000 00648nam a2200301Ia 4500
005 20260401122453.0
008 008 250103s9999 xx 000 0 eng d
020 _a9780745672540
037 _aTB
040 _aEDL
040 _beng
040 _cEDL
041 _2eng
041 _aeng
084 _a676MUL
084 _qEDL
100 _aMuller, Lothar
_91233723
245 0 _aWhite magic : The age of paper
245 0 _cMuller, Lothar
260 _aCambridge
260 _bPolity Press
260 _c2014
300 _a311p
942 _cTB
942 _h676MUL
999 _c1847489
_d1847489